Travel Writings on Asia : Curiosity, Identities, and Knowledge Across the East, C. 1200 to the Present.

Bibliographic Details
Main Author: Mueller, Christian.
Other Authors: Salonia, Matteo.
Format: eBook
Language:English
Published: Singapore : Palgrave Macmillan, 2022.
Edition:1st ed.
Series:Palgrave Series in Asia and Pacific Studies
Subjects:
Online Access:Click to View
LEADER 01655nam a22004093i 4500
001 EBC7015337
003 MiAaPQ
005 20231204023225.0
006 m o d |
007 cr cnu||||||||
008 231204s2022 xx o ||||0 eng d
020 |a 9789811901249  |q (electronic bk.) 
020 |z 9789811901232 
035 |a (MiAaPQ)EBC7015337 
035 |a (Au-PeEL)EBL7015337 
035 |a (OCoLC)1329442061 
040 |a MiAaPQ  |b eng  |e rda  |e pn  |c MiAaPQ  |d MiAaPQ 
050 4 |a DS1-937 
082 0 |a 915.04 
100 1 |a Mueller, Christian. 
245 1 0 |a Travel Writings on Asia :  |b Curiosity, Identities, and Knowledge Across the East, C. 1200 to the Present. 
250 |a 1st ed. 
264 1 |a Singapore :  |b Palgrave Macmillan,  |c 2022. 
264 4 |c Ã2022. 
300 |a 1 online resource (320 pages) 
336 |a text  |b txt  |2 rdacontent 
337 |a computer  |b c  |2 rdamedia 
338 |a online resource  |b cr  |2 rdacarrier 
490 1 |a Palgrave Series in Asia and Pacific Studies 
588 |a Description based on publisher supplied metadata and other sources. 
590 |a Electronic reproduction. Ann Arbor, Michigan : ProQuest Ebook Central, 2023. Available via World Wide Web. Access may be limited to ProQuest Ebook Central affiliated libraries.  
655 4 |a Electronic books. 
700 1 |a Salonia, Matteo. 
776 0 8 |i Print version:  |a Mueller, Christian  |t Travel Writings on Asia  |d Singapore : Palgrave Macmillan,c2022  |z 9789811901232 
797 2 |a ProQuest (Firm) 
830 0 |a Palgrave Series in Asia and Pacific Studies 
856 4 0 |u https://ebookcentral.proquest.com/lib/matrademy/detail.action?docID=7015337  |z Click to View